000
00195 a2200097 4500
001
42726
100
_a
Powell
245
_a
Prehistoric Art
260
_a
London
_b
Hames
_c
090
_c
26618
_d
26618
942
_a
NUST-CAE
_c
M
_c
18467
999
_c
277799
_d
277799